| 000 | 00534nam a2200181 4500 | ||
|---|---|---|---|
| 999 |
_c163331 _d163331 |
||
| 005 | 20190410123818.0 | ||
| 010 | _aENG-125037 | ||
| 020 |
_a9788192557106 _c475.00 |
||
| 035 | _aEN-108569 | ||
| 037 | _bDBAD/PUB | ||
| 082 | _a791.430 | ||
| 100 | _aJha,N.N. | ||
| 245 |
_aHistory of Indian Cinema/ _cby N.N. Jha |
||
| 260 |
_aAllahabad _bAnurag Publication _c2015 |
||
| 270 |
_a116/70 Lukerganj _bAllahabad _e211001 _manuragpublication@gmail.com |
||
| 300 |
_av;160p. _c23cms(Hbk) |
||
| 942 |
_2ddc _cEN _h791.430 _mJHA |
||